000 00548nam a2200145Ia 4500
008 100204s9999 xx 000 0 und d
082 _b2636
100 _aरजनीश भगवान
245 _aकान्हो एकली रे एकली
260 _b"जीवन जागृती केंद्र्र प्रकाशन, पुणे"
_c1979
300 _a136
630 _aकान्हो एकली रे एकली
730 _aकान्हो एकली रे एकली
942 _cBOOK
999 _c447676
_d447673